| 000 | 00575pam a2200181 4500 | ||
|---|---|---|---|
| 020 | _a0470711302 | ||
| 082 | 0 | 0 |
_a624.18341 _bRAZ _cN-01, P-89 |
| 100 | 1 |
_aRaz, Sarwar Alam. _943235 |
|
| 245 | 1 | 0 | _aAnalytical methods in structural engineering. |
| 260 |
_aNew York, _bWiley _c[1974] |
||
| 300 |
_ax, 393 p. _billus. _c24 cm. |
||
| 500 | _a"A Halsted Press book." | ||
| 526 |
_a0 _b0 _c0 _d624_183410000000000_RAZ |
||
| 650 | 0 |
_aNUST / MCE _926909 |
|
| 650 | 0 |
_aStatically indeterminate structures. _926916 |
|
| 650 | 0 |
_aStructural analysis (Engineering) _9654 |
|
| 942 |
_2ddc _cBK |
||
| 999 |
_c547038 _d547038 |
||